Nitra Masaryková kasárna

Zobrazenie: Pohľad v bielom orámovaní na križovatku ulíc na rohu pred kasárňami - dnešnou tržnicou. Vľavo pred budovou je stánok. Vľavo za ním sú husté listnaté stromy a pred nimi stoa traja muži. Vpravo pred stánkom stojí na ulici jeden muž. Vpravo v popredí vidno stĺp s reklamami a pred ním má jed...

Full description

Bibliographic Details
Format: Photo
Language:Czech
Published: [Praha] JKO Trade Mark [medzi 1905 a 1950?]
Subjects:

MARC

LEADER 00000nkm a2200000 a 4500
001 vtls011888206
003 SK-MaSNL
005 20260301144341.0
007 kf ho
008 231120q1905 xr g kucze
015 |a SNBG 
035 |a urn:nbn:sk:snk-km00ef7f 
035 |a urn:nbn:sk:snk-km43dt4 
035 |a 0900DCEB-83CB-40D6-B78C-A77E31B759EA 
040 |a SNK  |b slo  |c SNK  |e AACR2 
041 0 |a cze 
043 |a e-xo--- 
044 |a xr  |c CZ 
072 7 |a 913  |x Regionálna geografia  |2 konspekt 
080 |a 913(437.6)  |2 2011 
080 |a 711.73  |2 2011 
080 |a (084.121)  |2 2011 
080 |a 355.711  |2 2011 
245 0 0 |a Nitra  |h grafika  |b Masaryková kasárna 
260 |a [Praha]  |b JKO Trade Mark  |c [medzi 1905 a 1950?] 
300 |a 1 pohľadnica  |b kolorovaná  |c 9 x 14 cm 
500 |a Názvové údaje prevzaté z obrazovej časti pohľadnice 
520 8 |a Zobrazenie: Pohľad v bielom orámovaní na križovatku ulíc na rohu pred kasárňami - dnešnou tržnicou. Vľavo pred budovou je stánok. Vľavo za ním sú husté listnaté stromy a pred nimi stoa traja muži. Vpravo pred stánkom stojí na ulici jeden muž. Vpravo v popredí vidno stĺp s reklamami a pred ním má jedna žena rozložený stôl 
650 0 7 |a ulice  |2 SNKPH  |9 2938 
650 0 7 |a kasárne  |2 SNKPH  |9 29949 
651 7 |a Nitra (Slovensko)  |2 SNKPHgeo  |9 15714 
655 7 |a miestne pohľadnice  |2 SNKPH  |9 70510 
852 |a Slovenská národná knižnica 
954 |a pohľadnice pôvodné (slovenské)  |2 lita 
954 |a pohľadnice cudzojazyčné (svetové)  |2 lita 
958 |a OND 
958 |a GBN 
958 |a GC 
958 |a EUIPO 
999 |c 776821  |d 778751 
952 |a SNK  |b SNK  |y PREZ  |7 0  |p 17A1382454  |o snkSP 72784  |0 0  |1 0  |4 0  |d 2019-09-19  |f 1  |l 0  |r 2026-02-24 00:52:47  |w 2026-02-24